[Event "OP-2014-0-03519"]
[Site "LSS email"]
[Date "2014.10.08"]
[Round "?"]
[White "Egorov, Vladimir Alekseevic"]
[Black "Stevenson, Walter"]
[Result "1-0"]
[WhiteElo "2181"]
[BlackElo "645"]
[PlyCount "25"]
[EventDate "2014.10.02"]
[EventType "tourn (corr)"]
[EventRounds "4"]
[EventCountry "GER"]
[SourceTitle "Corr 2015"]
[Source "ChessBase"]
[SourceDate "2015.07.17"]
[SourceVersion "1"]
[SourceVersionDate "2015.07.17"]
[SourceQuality "1"]

1. d4 d5 2. c4 c6 3. Nc3 e6 4. e4 dxe4 5. Nxe4 Nf6 6. Nxf6+ Qxf6 7. Nf3 Nd7 8. a3 Be7 9. Bg5 Qg6 10. Bd3 0-0 11. Bxg6 Bxg5 12. Bxh7+ Kxh7 13. Nxg5+ 1-0

[Event "SA-2014-0-00411"]
[Site "LSS email"]
[Date "2014.06.24"]
[Round "?"]
[White "Egorov, Vladimir Alekseevic"]
[Black "Milde, Lars"]
[Result "1-0"]
[WhiteElo "2194"]
[BlackElo "2125"]
[PlyCount "43"]
[EventDate "2014.05.15"]
[EventType "tourn (corr)"]
[EventRounds "6"]
[EventCountry "GER"]
[SourceTitle "Corr 2015"]
[Source "ChessBase"]
[SourceDate "2015.07.17"]
[SourceVersion "1"]
[SourceVersionDate "2015.07.17"]
[SourceQuality "1"]

1. d4 Nf6 2. c4 g6 3. Nc3 Bg7 4. e4 d6 5. f3 0-0 6. Be3 e5 7. d5 c6 8. Qd2 cxd5 9. cxd5 a6 10. Bd3 Nh5 11. Nge2 f5 12. exf5 gxf5 13. 0-0-0 b5 14. g4 fxg4 15. fxg4 Bxg4 16. Rhg1 Nf6 17. h3 Bh5 18. Bh6 Rf7 19. Rdf1 Nbd7 20. Bxg7 Rxg7 21. Qh6 Qe7 22. Bxh7+ 1-0

[Event "BI-2014-P-0001"]
[Site "LSS email"]
[Date "2014.04.19"]
[Round "?"]
[White "Egorov, Vladimir Alekseevic"]
[Black "Frijling, Jeroen"]
[Result "1/2-1/2"]
[WhiteElo "2181"]
[BlackElo "2108"]
[PlyCount "115"]
[EventDate "2014.04.25"]
[EventType "tourn (corr)"]
[EventRounds "10"]
[EventCountry "GER"]
[SourceTitle "Corr 2015"]
[Source "ChessBase"]
[SourceDate "2015.07.17"]
[SourceVersion "1"]
[SourceVersionDate "2015.07.17"]
[SourceQuality "1"]

1. d4 Nf6 2. c4 c6 3. Nf3 d5 4. e3 Bf5 5. Nc3 e6 6. Nh4 Bg6 7. Nxg6 hxg6 8. Be2 dxc4 9. Bxc4 Nbd7 10. 0-0 Qc7 11. h3 0-0-0 12. f4 Nb6 13. Bd3 Nbd5 14. Qe2 Nh5 15. Qf3 f5 16. Bd2 Nhf6 17. a3 Kb8 18. Rfc1 Be7 19. Rab1 Qd6 20. Be1 Rc8 21. Na4 Ne4 22. Nc3 Nef6 23. Na4 Ne4 24. Bxe4 fxe4 25. Qxe4 g5 26. Bd2 gxf4 27. exf4 Rh4 28. Rf1 g5 29. Nc5 Nxf4 30. Rxf4 gxf4 31. Nxe6 f3 32. Qxh4 Bxh4 33. Bf4 Rd8 34. Rd1 Kc8 35. Bxd6 Rxd6 36. d5 fxg2 37. Kxg2 cxd5 38. Nf4 d4 39. Kf3 Kd7 40. Ke4 Bg3 41. Nd3 Rh6 42. Rh1 Rh4+ 43. Kd5 Ke7 44. b4 b6 45. a4 Kf6 46. Rf1+ Ke7 47. Rf3 Bb8 48. Nf2 Bd6 49. b5 Rh5+ 50. Ke4 Bb4 51. Rf5 Rh4+ 52. Rf4 Rh5 53. Rg4 Bc3 54. Kd3 Ke6 55. h4 Rf5 56. Ke2 Rh5 57. Ne4 Rf5 58. Nxc3 1/2-1/2

[Event "BI-2014-P-0001"]
[Site "LSS email"]
[Date "2014.04.19"]
[Round "?"]
[White "Egorov, Vladimir Alekseevic"]
[Black "Montarolo, Luca"]
[Result "1-0"]
[WhiteElo "2181"]
[BlackElo "367"]
[PlyCount "41"]
[EventDate "2014.04.25"]
[EventType "tourn (corr)"]
[EventRounds "10"]
[EventCountry "GER"]
[SourceTitle "Corr 2015"]
[Source "ChessBase"]
[SourceDate "2015.07.17"]
[SourceVersion "1"]
[SourceVersionDate "2015.07.17"]
[SourceQuality "1"]

1. d4 d5 2. c4 dxc4 3. e4 e5 4. Nf3 Bb4+ 5. Nc3 exd4 6. Qxd4 Qxd4 7. Nxd4 Ne7 8. Bxc4 Bxc3+ 9. bxc3 0-0 10. Bf4 Na6 11. Bxa6 bxa6 12. Bxc7 Bg4 13. f3 Be6 14. Bd6 Rae8 15. Rb1 Bxa2 16. Rb7 Bc4 17. Bxe7 Rxe7 18. Rxe7 Rb8 19. Nc6 Rb1+ 20. Kd2 Rxh1 21. Re8# 1-0

[Event "BI-2014-P-0001"]
[Site "LSS email"]
[Date "2014.04.19"]
[Round "?"]
[White "Egorov, Vladimir Alekseevic"]
[Black "Olivas Montiel, Carlos Fernando"]
[Result "1/2-1/2"]
[WhiteElo "2181"]
[BlackElo "2037"]
[PlyCount "83"]
[EventDate "2014.04.25"]
[EventType "tourn (corr)"]
[EventRounds "10"]
[EventCountry "GER"]
[SourceTitle "Corr 2015"]
[Source "ChessBase"]
[SourceDate "2015.07.17"]
[SourceVersion "1"]
[SourceVersionDate "2015.07.17"]
[SourceQuality "1"]

1. d4 Nf6 2. c4 e6 3. Nf3 Bb4+ 4. Bd2 Bxd2+ 5. Qxd2 0-0 6. Nc3 d6 7. g3 b6 8. Bg2 Bb7 9. 0-0 Nbd7 10. Qc2 c5 11. Rad1 Qe7 12. e4 a6 13. Qe2 Rad8 14. Rd2 e5 15. dxe5 Nxe5 16. Nxe5 dxe5 17. Nd5 Qd6 18. b3 Bxd5 19. Qe3 Ng4 20. Qg5 Nf6 21. Rfd1 g6 22. Qe3 a5 23. a4 Qe7 24. exd5 Qd6 25. Bh3 Rfe8 26. Re2 Ra8 27. Rde1 Ra7 28. Qh6 Rae7 29. Qh4 h5 30. f3 Nh7 31. g4 hxg4 32. fxg4 e4 33. Re3 Qe5 34. Rd1 Qf4 35. Qf2 Qg5 36. Rf1 Kg7 37. Qf4 Qxf4 38. Rxf4 Ng5 39. Bg2 Rh8 40. h3 Re5 41. Rg3 Re7 42. Kf1 1/2-1/2

[Event "WC-2018-P-00008"]
[Site "LSS email"]
[Date "2014.02.03"]
[Round "?"]
[White "Egorov, Vladimir Alekseevic"]
[Black "Mueller, Bernd"]
[Result "1-0"]
[WhiteElo "2181"]
[BlackElo "1535"]
[PlyCount "89"]
[EventDate "2014.02.10"]
[EventType "tourn (corr)"]
[EventRounds "12"]
[EventCountry "GER"]
[SourceTitle "Corr 2015"]
[Source "ChessBase"]
[SourceDate "2015.07.17"]
[SourceVersion "1"]
[SourceVersionDate "2015.07.17"]
[SourceQuality "1"]

1. d4 Nf6 2. c4 e5 3. dxe5 Ng4 4. Bf4 Nc6 5. Nf3 Bb4+ 6. Nbd2 f6 7. exf6 Qxf6 8. g3 Qxb2 9. Bg2 d6 10. 0-0 0-0 11. Ne4 Kh8 12. a3 Ba5 13. Rb1 Qa2 14. Qd3 Be6 15. Rbc1 Bf5 16. Ra1 Qb2 17. Rfb1 Bxe4 18. Qxe4 Rae8 19. Qxe8 Qxb1+ 20. Rxb1 Rxe8 21. c5 dxc5 22. Rxb7 Bb6 23. Bxc7 Re7 24. Nd2 Rxc7 25. Rxc7 Bxc7 26. Bxc6 Ne5 27. Ba4 g6 28. Kf1 c4 29. e3 Kg7 30. Ke2 Bb6 31. h3 h5 32. Bb5 c3 33. Nb3 Kf6 34. a4 g5 35. Be8 h4 36. gxh4 gxh4 37. Bb5 Nf7 38. a5 Bd8 39. Kd3 Bc7 40. Be8 Nd8 41. Kxc3 Ke5 42. Bb5 Ke4 43. Nd2+ Kd5 44. a6 Kc5 45. Bf1 1-0

[Event "WC-2018-P-00008"]
[Site "LSS email"]
[Date "2014.02.03"]
[Round "?"]
[White "Lind, Anders"]
[Black "Egorov, Vladimir Alekseevic"]
[Result "1/2-1/2"]
[WhiteElo "1879"]
[BlackElo "2181"]
[PlyCount "158"]
[EventDate "2014.02.10"]
[EventType "tourn (corr)"]
[EventRounds "12"]
[EventCountry "GER"]
[SourceTitle "Corr 2015"]
[Source "ChessBase"]
[SourceDate "2015.07.17"]
[SourceVersion "1"]
[SourceVersionDate "2015.07.17"]
[SourceQuality "1"]

1. e4 e5 2. Nf3 Nc6 3. Bb5 a6 4. Ba4 Nf6 5. 0-0 Be7 6. Re1 b5 7. Bb3 d6 8. c3 0-0 9. h3 Na5 10. Bc2 c5 11. d4 Qc7 12. Nbd2 cxd4 13. cxd4 Re8 14. b3 Bb7 15. Bb2 Nc6 16. Rc1 Qb6 17. Nf1 Rac8 18. Ng3 g6 19. Bb1 Bf8 20. d5 Nb8 21. Rxc8 Rxc8 22. Bc1 Nbd7 23. Be3 Qa5 24. Qe2 Be7 25. Rd1 Bd8 26. Ne1 Qc3 27. Nf3 Qa5 28. Bd2 Qb6 29. Bd3 Qa7 30. Be3 Bb6 31. Bg5 Bd8 32. a3 Nc5 33. Bc2 Ncd7 34. Ra1 Kg7 35. Qd2 Qc5 36. Ra2 Qc3 37. Qd1 Qc7 38. Be3 Qb8 39. Qb1 Bb6 40. Bd2 Qa7 41. Be1 Bd8 42. a4 bxa4 43. Rxa4 a5 44. Ra1 Ba6 45. Bxa5 Bxa5 46. Rxa5 Qb6 47. b4 Nb8 48. Ra2 Bb5 49. Qd1 Na6 50. Qd2 Bd7 51. Ba4 Bxa4 52. Rxa4 Kf8 53. Nh2 Ng8 54. Nhf1 Rb8 55. Qe3 Qb7 56. f4 exf4 57. Qxf4 Qb6+ 58. Kh2 Nxb4 59. Ra3 Qd8 60. Rf3 Qe7 61. Nd2 Rc8 62. Qg4 Qd8 63. Ne2 Qe8 64. Nd4 Qe5+ 65. Rf4 Nd3 66. Qxc8+ Kg7 67. Qg4 Nf6 68. Qh4 Qxf4+ 69. Qxf4 Nxf4 70. Kg3 N4h5+ 71. Kf3 Kf8 72. Nc4 Ke7 73. g4 Ng7 74. g5 Nfe8 75. Nb5 Kd7 76. h4 Nh5 77. Nb6+ Ke7 78. Na7 Kd8 79. Nb5 Ke7 1/2-1/2

[Event "SA-2013-0-00384"]
[Site "LSS email"]
[Date "2013.12.26"]
[Round "?"]
[White "Aberbach Peltzman, Angel Sergio"]
[Black "Egorov, Vladimir Alekseevic"]
[Result "1/2-1/2"]
[WhiteElo "2089"]
[BlackElo "2181"]
[PlyCount "43"]
[EventDate "2013.11.30"]
[EventType "tourn (corr)"]
[EventRounds "6"]
[EventCountry "GER"]
[SourceTitle "Corr 2015"]
[Source "ChessBase"]
[SourceDate "2015.07.17"]
[SourceVersion "1"]
[SourceVersionDate "2015.07.17"]
[SourceQuality "1"]

1. d4 Nf6 2. c4 e6 3. Nc3 Bb4 4. Qc2 0-0 5. a3 Bxc3+ 6. Qxc3 b6 7. Bg5 Bb7 8. e3 d6 9. Ne2 Nbd7 10. Qc2 c5 11. Rd1 cxd4 12. Rxd4 Qe7 13. Nc3 h6 14. Bh4 Ne5 15. f3 Rac8 16. Be2 Nc6 17. Rd1 Na5 18. Qa4 g5 19. Bf2 Rfd8 20. h4 g4 21. h5 Nh7 22. Bh4 1/2-1/2

[Event "SA-2013-0-00384"]
[Site "LSS email"]
[Date "2013.12.25"]
[Round "?"]
[White "Tarmak, Mart"]
[Black "Egorov, Vladimir Alekseevic"]
[Result "1/2-1/2"]
[WhiteElo "2060"]
[BlackElo "2181"]
[PlyCount "67"]
[EventDate "2013.11.30"]
[EventType "tourn (corr)"]
[EventRounds "6"]
[EventCountry "GER"]
[SourceTitle "Corr 2015"]
[Source "ChessBase"]
[SourceDate "2015.07.17"]
[SourceVersion "1"]
[SourceVersionDate "2015.07.17"]
[SourceQuality "1"]

1. e4 c6 2. d4 d5 3. Nd2 dxe4 4. Nxe4 Bf5 5. Ng3 Bg6 6. Nf3 Nd7 7. h4 h6 8. h5 Bh7 9. Bd3 Bxd3 10. Qxd3 Ngf6 11. Bd2 Qc7 12. 0-0-0 e6 13. Ne4 0-0-0 14. g3 Nc5 15. Nxc5 Bxc5 16. Rh4 Bd6 17. Qe2 Rhe8 18. Ne5 Kb8 19. Nc4 Ka8 20. Rhh1 Bf8 21. Bf4 Qe7 22. Kb1 Nd5 23. Bc1 Qb4 24. Qd3 Qa4 25. Rhe1 f6 26. b3 Qa6 27. Ne3 Qxd3 28. Rxd3 b6 29. c3 Kb7 30. Kc2 a5 31. Nxd5 exd5 32. Rde3 Rxe3 33. Rxe3 Kc7 34. Bd2 1/2-1/2

[Event "CP-2013-P-00014"]
[Site "LSS email"]
[Date "2013.09.30"]
[Round "?"]
[White "Egorov, Vladimir Alekseevic"]
[Black "Hatsek, Werner"]
[Result "1-0"]
[WhiteElo "2149"]
[BlackElo "1906"]
[PlyCount "89"]
[EventDate "2013.10.01"]
[EventType "tourn (corr)"]
[EventRounds "6"]
[EventCountry "GER"]
[SourceTitle "Telechess CBM 167"]
[Source "ChessBase"]
[SourceDate "2015.07.13"]
[SourceVersion "1"]
[SourceVersionDate "2015.07.13"]
[SourceQuality "1"]

1. d4 d5 2. c4 c6 3. Nf3 Nf6 4. Nc3 dxc4 5. a4 Bf5 6. Ne5 Nbd7 7. Nxc4 Qc7 8. g3 e5 9. dxe5 Nxe5 10. Bf4 Rd8 11. Qc1 Bd6 12. Nxd6+ Qxd6 13. Bg2 0-0 14. 0-0 Qe6 15. Qe3 Ng6 16. Bg5 Qxe3 17. Bxe3 a5 18. Bb6 Rd2 19. e4 Bg4 20. f4 Rxb2 21. Rfb1 Rxb1+ 22. Rxb1 Ra8 23. f5 Ne5 24. Kf2 Nc4 25. h3 Bh5 26. Be3 Rd8 27. Rxb7 Nxe3 28. Kxe3 Nd7 29. Bf1 f6 30. Ra7 Ne5 31. Rxa5 Rb8 32. g4 Bf7 33. Be2 h6 34. Ra7 Rb3 35. Kd2 Ra3 36. Ra8+ Kh7 37. Rb8 Bb3 38. Kc1 Bc4 39. Kb2 Rxc3 40. Kxc3 Bxe2 41. Rc8 Ba6 42. Ra8 Bd3 43. Kd4 h5 44. g5 Bf1 45. g6+ 1-0

[Event "CP-2013-P-00014"]
[Site "LSS email"]
[Date "2013.09.30"]
[Round "?"]
[White "Egorov, Vladimir Alekseevic"]
[Black "Nilsson, Bjoern"]
[Result "1-0"]
[WhiteElo "2149"]
[BlackElo "495"]
[PlyCount "39"]
[EventDate "2013.10.01"]
[EventType "tourn (corr)"]
[EventRounds "6"]
[EventCountry "GER"]
[SourceTitle "Telechess CBM 167"]
[Source "ChessBase"]
[SourceDate "2015.07.13"]
[SourceVersion "1"]
[SourceVersionDate "2015.07.13"]
[SourceQuality "1"]

1. d4 d5 2. c4 Nf6 3. cxd5 Nxd5 4. e4 Nb6 5. Nc3 c6 6. Be3 N6d7 7. Nf3 f6 8. Be2 g6 9. 0-0 e6 10. Qb3 Qe7 11. Rfd1 Bg7 12. d5 exd5 13. exd5 Nf8 14. Bf4 g5 15. d6 Qd7 16. Nxg5 fxg5 17. Bh5+ Ng6 18. Re1+ Kf8 19. Re7 Nxe7 20. Qf7# 1-0

[Event "CP-2013-P-00014"]
[Site "LSS email"]
[Date "2013.09.30"]
[Round "?"]
[White "Egorov, Vladimir Alekseevic"]
[Black "Topot, Iwan"]
[Result "1-0"]
[WhiteElo "2149"]
[BlackElo "1748"]
[PlyCount "80"]
[EventDate "2013.10.01"]
[EventType "tourn (corr)"]
[EventRounds "6"]
[EventCountry "GER"]
[SourceTitle "Telechess CBM 167"]
[Source "ChessBase"]
[SourceDate "2015.07.13"]
[SourceVersion "1"]
[SourceVersionDate "2015.07.13"]
[SourceQuality "1"]

1. d4 d5 2. c4 c6 3. Nf3 Nf6 4. Nc3 e6 5. e3 a6 6. b3 Bb4 7. Bd2 Nbd7 8. Bd3 0-0 9. 0-0 Bd6 10. Qc2 h6 11. Rae1 Re8 12. c5 Bc7 13. e4 e5 14. exd5 cxd5 15. dxe5 Nxe5 16. Nxe5 Bxe5 17. Na4 Qc7 18. Nb6 Rb8 19. Bf4 Bd7 20. Bxe5 Rxe5 21. Rxe5 Qxe5 22. Nxd7 Nxd7 23. c6 bxc6 24. Qxc6 Qe6 25. Qxa6 Qxa6 26. Bxa6 Nc5 27. Be2 Ra8 28. Bf3 Rxa2 29. Bxd5 Rb2 30. Rc1 Rd2 31. Bc4 Nd3 32. Rb1 Nxf2 33. Rf1 Ne4 34. Bxf7+ Kh7 35. Be6 Rd4 36. Bc4 Nd2 37. Rc1 Kg6 38. Kf2 Nxc4 39. bxc4 Kf6 40. Ke3 Rh4 1-0

[Event "SA-2013-0-00361"]
[Site "LSS email"]
[Date "2013.08.19"]
[Round "?"]
[White "Egorov, Vladimir Alekseevic"]
[Black "Milde, Lars"]
[Result "1-0"]
[WhiteElo "2149"]
[BlackElo "2049"]
[PlyCount "65"]
[EventDate "2013.07.29"]
[EventType "tourn (corr)"]
[EventRounds "6"]
[EventCountry "GER"]
[SourceTitle "Telechess CBM 167"]
[Source "ChessBase"]
[SourceDate "2015.07.13"]
[SourceVersion "1"]
[SourceVersionDate "2015.07.13"]
[SourceQuality "1"]

1. d4 Nf6 2. c4 g6 3. Nc3 Bg7 4. e4 d6 5. f3 0-0 6. Be3 Nc6 7. Nge2 a6 8. Qd2 Rb8 9. Nc1 e5 10. d5 Nd4 11. Nb3 c5 12. dxc6 bxc6 13. Nxd4 exd4 14. Bxd4 Re8 15. Be2 d5 16. cxd5 Rb4 17. Bc5 Nxe4 18. fxe4 Bxc3 19. Qxc3 Rbxe4 20. 0-0 Rxe2 21. dxc6 Qg5 22. Rf2 Qd5 23. Bd4 Rxf2 24. Bxf2 f6 25. Rc1 Kf7 26. a3 h5 27. b4 Re4 28. Qc5 Qd2 29. Rf1 Bf5 30. Qa5 Qd3 31. Qc7+ Re7 32. Qb6 Re8 33. c7 1-0

[Event "SA-2013-0-00361"]
[Site "LSS email"]
[Date "2013.08.19"]
[Round "?"]
[White "Schwarte, Joachim"]
[Black "Egorov, Vladimir Alekseevic"]
[Result "1/2-1/2"]
[WhiteElo "2042"]
[BlackElo "2149"]
[PlyCount "78"]
[EventDate "2013.07.29"]
[EventType "tourn (corr)"]
[EventRounds "6"]
[EventCountry "GER"]
[SourceTitle "Telechess CBM 167"]
[Source "ChessBase"]
[SourceDate "2015.07.13"]
[SourceVersion "1"]
[SourceVersionDate "2015.07.13"]
[SourceQuality "1"]

1. e4 c6 2. d4 d5 3. e5 Bf5 4. Nf3 e6 5. Be2 Nd7 6. 0-0 Ne7 7. Be3 Bg6 8. Nh4 Qb6 9. Qc1 Nf5 10. Nxf5 Bxf5 11. c4 dxc4 12. Nd2 Qc7 13. a4 Nb6 14. a5 Nd5 15. Nxc4 Qd7 16. Bf3 h6 17. a6 b6 18. Bf4 Bd3 19. Re1 Rc8 20. Bg3 Bxc4 21. Qxc4 Be7 22. Red1 0-0 23. h3 Rfd8 24. Be2 b5 25. Qc2 Rb8 26. Qe4 Rb6 27. Bh4 Qc8 28. Bxe7 Nxe7 29. Bd3 g6 30. h4 Rxa6 31. h5 Rxa1 32. Rxa1 Qd7 33. hxg6 Nxg6 34. Qf3 Qxd4 35. Bxg6 fxg6 36. Qf6 Kh7 37. Rxa7+ Qxa7 38. Qxd8 Qa1+ 39. Kh2 Qxb2 1/2-1/2

[Event "BI-2013-P-00028"]
[Site "LSS email"]
[Date "2013.04.23"]
[Round "?"]
[White "Bellanger, Michel"]
[Black "Egorov, Vladimir Alekseevic"]
[Result "1/2-1/2"]
[WhiteElo "1968"]
[BlackElo "2149"]
[PlyCount "137"]
[EventDate "2013.04.25"]
[EventType "tourn (corr)"]
[EventRounds "10"]
[EventCountry "GER"]
[SourceTitle "Telechess CBM 167"]
[Source "ChessBase"]
[SourceDate "2015.07.13"]
[SourceVersion "1"]
[SourceVersionDate "2015.07.13"]
[SourceQuality "1"]

1. e4 c6 2. d4 d5 3. Nc3 dxe4 4. Nxe4 Bf5 5. Ng3 Bg6 6. Nf3 Nd7 7. Bd3 e6 8. Bf4 Ne7 9. Ne4 Bxe4 10. Bxe4 Nd5 11. Bd2 N5f6 12. Bd3 Bd6 13. 0-0 0-0 14. c3 Qc7 15. Re1 c5 16. Qe2 h6 17. g3 cxd4 18. cxd4 Qb6 19. b4 Rfd8 20. a3 Rac8 21. Rac1 Nd5 22. Bb1 N7f6 23. Qd3 Rxc1 24. Rxc1 a6 25. h3 Qb5 26. Kg2 Qa4 27. Nh2 Bc7 28. Nf3 Bb6 29. Ne5 Qb5 30. Be3 Ne7 31. Qd1 Kf8 32. Bd3 Qd5+ 33. Qf3 Qxf3+ 34. Nxf3 Ne8 35. b5 axb5 36. Bxb5 Nd6 37. Bd3 f6 38. Rc2 Nd5 39. Nd2 Ra8 40. Nc4 Nxc4 41. Bxc4 Rxa3 42. Rb2 Rxe3 43. fxe3 Nxe3+ 44. Kh1 Bxd4 45. Rxb7 Nxc4 46. Rb8+ Kf7 47. Rb7+ Kg8 48. Rb8+ Kh7 49. Rb4 Be5 50. Rxc4 Bxg3 51. Kg2 Bb8 52. Rb4 Ba7 53. Ra4 Bc5 54. h4 Kg6 55. h5+ Kf7 56. Ra5 Be7 57. Kg3 g6 58. hxg6+ Kxg6 59. Kf4 Bb4 60. Ra6 e5+ 61. Ke4 Bc3 62. Ra2 f5+ 63. Kd5 e4 64. Rc2 Bf6 65. Rg2+ Bg5 66. Ke5 e3 67. Ra2 f4 68. Ke4 Kf7 69. Ra7+ 1/2-1/2

[Event "SA-2013-0-00342"]
[Site "LSS email"]
[Date "2013.04.22"]
[Round "?"]
[White "Salzmann, Stefan"]
[Black "Egorov, Vladimir Alekseevic"]
[Result "1/2-1/2"]
[WhiteElo "2092"]
[BlackElo "2170"]
[PlyCount "71"]
[EventDate "2013.04.05"]
[EventType "tourn (corr)"]
[EventRounds "6"]
[EventCountry "GER"]
[SourceTitle "Telechess CBM 167"]
[Source "ChessBase"]
[SourceDate "2015.07.13"]
[SourceVersion "1"]
[SourceVersionDate "2015.07.13"]
[SourceQuality "1"]

1. d4 d5 2. c4 c6 3. Nf3 Nf6 4. Nc3 dxc4 5. a4 Bf5 6. Ne5 Nbd7 7. Nxc4 Qc7 8. g3 e5 9. dxe5 Nxe5 10. Bf4 Nfd7 11. Bg2 f6 12. 0-0 Nc5 13. Ne3 Bg6 14. b4 Ne6 15. b5 Rd8 16. Qb3 Nd4 17. Qb2 Bc5 18. a5 0-0 19. a6 b6 20. bxc6 Ndxc6 21. Nb5 Qc8 22. Bxe5 fxe5 23. Bxc6 Qxc6 24. Nxa7 Qe6 25. Nb5 Kh8 26. a7 Be4 27. Nc7 Qd6 28. a8Q Bxa8 29. Nxa8 Bxe3 30. fxe3 Rxa8 31. Rxa8 Rxa8 32. Rf5 Rb8 33. Kf2 b5 34. Qxe5 Qxe5 35. Rxe5 Kg8 36. Ke1 1/2-1/2

[Event "SA-2013-0-00335"]
[Site "LSS email"]
[Date "2013.03.10"]
[Round "?"]
[White "Egorov, Vladimir Alekseevic"]
[Black "Torell, Harald"]
[Result "1-0"]
[WhiteElo "2171"]
[BlackElo "2157"]
[PlyCount "61"]
[EventDate "2013.02.11"]
[EventType "tourn (corr)"]
[EventRounds "6"]
[EventCountry "GER"]
[SourceTitle "Telechess CBM 161"]
[Source "ChessBase"]
[SourceDate "2014.07.16"]
[SourceVersion "1"]
[SourceVersionDate "2014.07.16"]
[SourceQuality "1"]

1. d4 d6 2. e4 Nf6 3. Nc3 g6 4. Be3 Bg7 5. Qd2 a6 6. 0-0-0 b5 7. f3 Bb7 8. Bh6 Bxh6 9. Qxh6 Nbd7 10. Kb1 e5 11. dxe5 dxe5 12. Nh3 Qe7 13. Nf2 0-0-0 14. a4 c6 15. Nd3 Nc5 16. Nxc5 Rxd1+ 17. Nxd1 Qxc5 18. Bd3 Nd7 19. h4 Qf8 20. Qd2 h5 21. Nf2 Qd6 22. Rd1 Qe7 23. g3 Rd8 24. Bf1 Nb6 25. Qxd8+ Qxd8 26. Rxd8+ Kxd8 27. a5 Nd7 28. b4 Nf8 29. Nd3 f6 30. Kc1 Ke7 31. Bh3 1-0

[Event "SA-2013-0-00335"]
[Site "LSS email"]
[Date "2013.03.10"]
[Round "?"]
[White "Van Hooff, Ruud"]
[Black "Egorov, Vladimir Alekseevic"]
[Result "1/2-1/2"]
[WhiteElo "2099"]
[BlackElo "2171"]
[PlyCount "85"]
[EventDate "2013.02.11"]
[EventType "tourn (corr)"]
[EventRounds "6"]
[EventCountry "GER"]
[SourceTitle "Telechess CBM 161"]
[Source "ChessBase"]
[SourceDate "2014.07.16"]
[SourceVersion "1"]
[SourceVersionDate "2014.07.16"]
[SourceQuality "1"]

1. d4 Nf6 2. Nf3 e6 3. Bg5 c5 4. e3 Nc6 5. Nbd2 d5 6. c3 h6 7. Bh4 Be7 8. Bd3 0-0 9. 0-0 b6 10. Ne5 Bb7 11. f4 Ne4 12. Bxe7 Nxe7 13. dxc5 Nxc5 14. Ndf3 Nxd3 15. Qxd3 a5 16. Rfe1 Nc8 17. a4 Nd6 18. Nd4 Ba6 19. Qc2 Re8 20. Rad1 Qc7 21. Ndf3 b5 22. axb5 Bxb5 23. Nd4 Reb8 24. Ra1 a4 25. Ra2 f6 26. Nxb5 Rxb5 27. Nf3 Rb6 28. Nd4 Qc8 29. Rea1 Rab8 30. Qxa4 Rxb2 31. Rxb2 Rxb2 32. Qa3 Nc4 33. Qa8 Rb8 34. Qa7 Kh7 35. Qf7 Nd6 36. Qxe6 Qxc3 37. Rd1 Ne4 38. Qf5+ Kh8 39. Qh3 Rb2 40. Nf5 Qb3 41. Qf3 Nd2 42. Qg4 g6 43. Nxh6 1/2-1/2

[Event "SA-2013-0-00335"]
[Site "LSS email"]
[Date "2013.03.09"]
[Round "?"]
[White "Egorov, Vladimir Alekseevic"]
[Black "Cimicki, Dariusz"]
[Result "1/2-1/2"]
[WhiteElo "2171"]
[BlackElo "2132"]
[PlyCount "97"]
[EventDate "2013.02.11"]
[EventType "tourn (corr)"]
[EventRounds "6"]
[EventCountry "GER"]
[SourceTitle "Telechess CBM 161"]
[Source "ChessBase"]
[SourceDate "2014.07.16"]
[SourceVersion "1"]
[SourceVersionDate "2014.07.16"]
[SourceQuality "1"]

1. d4 d5 2. c4 c6 3. Nf3 Nf6 4. e3 e6 5. Bd3 Nbd7 6. Nbd2 Bd6 7. e4 e5 8. 0-0 0-0 9. cxd5 cxd5 10. Re1 h6 11. exd5 exd4 12. Nc4 Bc5 13. Bf4 Nxd5 14. Bg3 N7f6 15. a3 Be6 16. b4 Nc3 17. Qc2 Bxc4 18. Bxc4 Bb6 19. Qd3 Rc8 20. Rac1 a5 21. h3 axb4 22. axb4 Ncd5 23. Qb3 Ba7 24. Be5 Nc3 25. Nxd4 Bxd4 26. Bxd4 Qxd4 27. Rxc3 Ne4 28. Bxf7+ Kh8 29. Rce3 Nxf2 30. Bg6 Rc6 31. Bb1 b5 32. Kh2 Qh4 33. R3e2 Ng4+ 34. Kh1 Nf6 35. Re5 Rcc8 36. Qd3 Qxb4 37. Rf1 Rfd8 38. Rxb5 Qa4 39. Qf5 Rb8 40. Ra5 Qb4 41. Rc5 Rd2 42. Bc2 Rbd8 43. Rc7 R2d7 44. Rxd7 Rxd7 45. Rb1 Qd6 46. Qf3 Rd8 47. Re1 Qd2 48. Re2 Qd6 49. Re1 1/2-1/2

[Event "SB-2013-0-00282"]
[Site "LSS email"]
[Date "2013.01.29"]
[Round "?"]
[White "Egorov, Vladimir Alekseevic"]
[Black "Zhdanenia, Konstantin A"]
[Result "1-0"]
[WhiteElo "2174"]
[BlackElo "1675"]
[PlyCount "81"]
[EventDate "2013.01.05"]
[EventType "tourn (corr)"]
[EventRounds "6"]
[EventCountry "GER"]
[SourceTitle "Telechess CBM 163"]
[Source "ChessBase"]
[SourceDate "2014.11.11"]
[SourceVersion "2"]
[SourceVersionDate "2014.11.11"]
[SourceQuality "1"]

1. d4 Nf6 2. c4 e5 3. dxe5 Ng4 4. Bf4 Nc6 5. Nf3 Bb4+ 6. Nbd2 Qe7 7. e3 Ngxe5 8. Be2 Nxf3+ 9. Bxf3 Ne5 10. Be2 0-0 11. 0-0 Ng6 12. Bg3 Bd6 13. Bxd6 Qxd6 14. Ne4 Qe5 15. Nc3 d6 16. Qd2 Bf5 17. f4 Qc5 18. g4 Bd7 19. Nd5 a5 20. f5 Ne5 21. Qd4 b6 22. Qxc5 bxc5 23. Nxc7 Rab8 24. b3 a4 25. Rab1 axb3 26. axb3 Bc6 27. Rfd1 Rfd8 28. Kf2 g6 29. Kg3 Rd7 30. Nd5 Bxd5 31. Rxd5 f6 32. h4 Kg7 33. Kf4 Rb6 34. Bd3 Ra7 35. Bc2 Ra2 36. Rc1 Nf7 37. fxg6 hxg6 38. h5 Ne5 39. Kg3 g5 40. Bd1 Ra3 41. Rd2 1-0

[Event "CP-2011-Q-00007"]
[Site "LSS email"]
[Date "2013.01.14"]
[Round "?"]
[White "Barbosa, Sergio Goncalves"]
[Black "Egorov, Vladimir Alekseevic"]
[Result "0-1"]
[WhiteElo "1914"]
[BlackElo "2149"]
[PlyCount "46"]
[EventDate "2013.01.20"]
[EventType "tourn (corr)"]
[EventRounds "6"]
[EventCountry "GER"]
[SourceTitle "Telechess CBM 167"]
[Source "ChessBase"]
[SourceDate "2015.07.13"]
[SourceVersion "1"]
[SourceVersionDate "2015.07.13"]
[SourceQuality "1"]

1. c4 c5 2. Nf3 Nf6 3. Nc3 Nc6 4. g3 g6 5. Bg2 Bg7 6. 0-0 0-0 7. d4 cxd4 8. Nxd4 Qb6 9. Nb3 d6 10. Be3 Qa6 11. c5 d5 12. Rc1 Rd8 13. Nd4 e5 14. Nxc6 bxc6 15. b4 d4 16. Bg5 Bf5 17. b5 Qa5 18. Qa4 Qxa4 19. Nxa4 cxb5 20. Bxa8 Rxa8 21. Nb2 Ne4 22. g4 Be6 23. Be7 Nc3 0-1